000 00679nam a2200205Ia 4500
008 130821s1986 ck gr dspa
020 _a9589510817
040 _aCo-BoUCM
_bspa
041 _aspa
100 _aZuleta Angel, Angel
_9154843
245 3 _aEl presidente López Pumarejo
_cEduardo Zuleta Angel
250 _a2a.ed.
260 _aBogotá (Colombia)
_bEdiciones Gama
_c1986
300 _a347 páginas
504 _aIncluye apéndice e índice.
600 _aLópez Pumarejo, Alfonso
_d1886-1959
_vBiografías
_9122028
651 _aColombia
_xPolítica y gobierno
_926608
942 _cLIBRO
_a19
_e2
_mZ95
_2DEWEY
_h923.1
999 _c1346
_d1346